| 000 | 00863nam a2200217Ia 4500 | ||
|---|---|---|---|
| 001 | 11222 | ||
| 003 | GE_BSU | ||
| 008 | 181216s||||||||xx |||||||||||||| ||und|| | ||
| 040 | _cGE_BSU | ||
| 080 | _a94(479.22.18) | ||
| 100 | _aავალიანი ამირან | ||
| 245 | _aმიწისმფლობელობის ფორმები აჭარაში | ||
| 245 | _b(თურქეთის ბატონობისგან განთავისუფლების წინ XIX ს. 40-70-იან წლებში | ||
| 245 | _cრედ: მ. სვანიძე | ||
| 260 | _aბათუმი | ||
| 260 | _bსახელგამი | ||
| 260 | _c1960 | ||
| 300 | _a142გვ.21სმ | ||
| 653 | _aმიწისმფლობელობის ფორმები აჭარაში | ||
| 942 | _cBK | ||
| 999 |
_c44453 _d44453 |
||